000 00610nam a2200229Ia 4500
001 48434
005 20240114003909.0
007 ta
008 090515s1911 g b000 u 465 u
040 _aCotton College,Assam
041 _a465
082 _a954
_bDe 34 Ta
100 _aAhmad, Khwajah Nizamuddin .
245 0 _aThe Tabaqat-I- Akbari /
_cKhwajah Nizamuddin Ahmad.
_hTextual Documents
250 _a1st ed /
260 _aDelhi :
_bLow price publications ,
_c1911.
300 _a440 p ;
_c23 cm.
653 _aHistory
942 _2ddc
_cBK
999 _c48399
_d48399